National Anthem of F.S. Micronesia - Patriots of Micronesia - Statistics

General Stats
  • This quiz has been taken 3 times
  • The average score is 35 of 105
Answer Stats
Lyrics % Correct
and
100%
islands
100%
Micronesia
100%
of
100%
our
100%
we
100%
We
100%
Across
50%
all
50%
are
50%
have
50%
here
50%
land.
50%
made
50%
Now
50%
the
50%
these
50%
To
50%
together,
50%
abide.
0%
Another
0%
chorus,
0%
devotion
0%
every
0%
Full
0%
hand,
0%
hands
0%
heart
0%
heart,
0%
join
0%
Join
0%
Let
0%
measure
0%
native
0%
on
0%
pledging,
0%
promised
0%
side.
0%
thee,
0%
Till
0%
'Tis
0%
union
0%
voice
0%
With
0%
with
0%
work
0%
No matching quizzes found
Score Distribution
Percent of People with Each Score
Percentile by Number Answered
Your Score History
You have not taken this quiz